| 000 | 00567nam a2200181 i 4500 | ||
|---|---|---|---|
| 001 | 83846 | ||
| 003 | ES-MaACL | ||
| 005 | 20240521124635.0 | ||
| 007 | t| | ||
| 008 | 041118s1967 sp ||||1| spa d | ||
| 100 | 1 |
_aIordan, Iorgu. _965381 |
|
| 245 | 1 | 0 |
_aLingüística románica / _cIorgu Iordan ; reelaboración parcial y notas de Manuel Alvar. |
| 260 |
_aMadrid : _bAlcalá, _c[1967] |
||
| 300 |
_aXXII, 756 p., 14 lám. ; _c24 cm. |
||
| 700 | 1 |
_aAlvar, Manuel, _d1923-2001 _920583 |
|
| 852 |
_aES-MaACL _jC-34034 _bR.64671 |
||
| 999 |
_c83846 _d83846 |
||